Statistics for Most Populous Islands of Indonesia

Click here to take the quiz!

General Stats

  • This quiz has been taken 203 times
  • The average score is 7 of 10

Answer Stats

Population Island % Correct
139,449,000Java
98%
47,010,000Sumatra
96%
13,773,000Borneo
95%
17,360,000Sulawesi
93%
4,220,000Bali
92%
4,247,000New Guinea
69%
1,614,000Timor
59%
3,160,000Lombok
55%
1,831,000Flores
54%
3,622,000Madura
34%

Score Distribution

Percentile by Number Answered

Percent of People with Each Score

Your Score History

You have not taken this quiz